LDR 01118nam a2200241 i 4500 001 000000044067 003 CaOOAMICUS 005 20260413144120.0 008 090930s1971 ie u000 u eng u 013 $a15237 040 $aSeMil$bita 111 2 $aInternational Lonergan Congress <1970>.$0(OLS)http://semarc/name/21892 245 10$aFoundations of theology :$bpapers from the International Lonergan Congress 1970 /$cedited by Philip McShane. 260 $aDublin :$bGill & Macmillan,$c1971. 300 $aXX, 257 p. ;$c22 cm. 650 4$aTeologia fondamentale.$0(OLS)http://semarc/subject/235 650 4$aLonergan, Bernard J.F. - Atti di congressi.$0(OLS)http://semarc/subject/42722 700 1 $aMcShane, Philip
.$0(OLS)http://semarc/name/21893 850 $aSeMil 852 $aSeMil$W1$xVenegono$y1$m2B III 285$j10222$B10222$CSeMilBibl$Z2$F10222 $81 996 $6245$aFoundations of theology :$bpapers from the International Lonergan Congress 1970$9(OLS)http://semarc/title/65000 996 $6260$aDublin :$bGill & Macmillan$9(OLS)http://semarc/publisher/40533